American Food by Picture - Statistics

General Stats
  • This quiz has been taken 168 times
  • The average score is 10 of 15
Answer Stats
Picture Answer % Correct
Pecan Pie
92%
S'more
92%
Corn Dog
90%
Milkshake
89%
PB&J Sandwich
89%
Fortune Cookie
85%
Chocolate Chip Cookie
79%
Deep Dish Pizza
61%
Frozen Yogurt
60%
Clam Chowder
53%
Chili
52%
California Roll
47%
Gumbo
37%
Boston Cream Pie
17%
Crab Rangoon
9%
No matching quizzes found
Score Distribution
Percent of People with Each Score
Percentile by Number Answered
Your Score History
You have not taken this quiz